Score 0/18 Timer 05:00
0 Plays Today
Song Title Missing Word % Correct
Get the _____ StartedParty
93.1%
You _____ Me SickMake
91.1%
Raise Your _____Glass
86.6%
Blow Me (One Last _____)Kiss
84.8%
There _____ GoYou
82.4%
True _____Love
74.2%
Just Give Me a _____Reason
71.6%
_____ Let Me Get MeDon't
71.3%
U + Ur _____Hand
71.1%
Song Title Missing Word % Correct
_____ WhatSo
70.7%
Please Don't _____ MeLeave
68.1%
_____ Like FireJust
60.4%
Stupid _____Girls
55.9%
_____ PortraitFamily
53.6%
Just Like a _____Pill
52%
Who _____Knew
50%
Feel _____ TimeGood
39%
_____ in the AirGlitter
34.3%

Today's Daily Dose

Missing Word
'T' Pairs

Word Ladder
Game Pieces

Get the Picture
Baseball Movies

Remove Ads.
Support Sporcle.
Get the best of Sporcle when you Go Orange. This ad-free experience offers more features, more stats, and more fun while also helping to support Sporcle. Thank you for becoming a member.

You're not logged in!

Compare scores with friends on all Sporcle quizzes.
OR
Log In

Show Comments

Extras

Top Quizzes Today


Score Distribution

Your Account Isn't Verified!

In order to create a playlist on Sporcle, you need to verify the email address you used during registration. Go to your Sporcle Settings to finish the process.

Report this User

Report this user for behavior that violates our Community Guidelines.

Details: